Zákony I/2002 zborník úplných znení zákonov daňových, účtovných a vykonávacích a súvisiach predpisov platných k 1.1.2002

Gespeichert in:
Bibliographische Detailangaben
Format: Buch
Sprache:Slowakisch
Veröffentlicht: Žilina PORADCA, s.r.o. [2002]
Schlagworte:
Tags: Tag hinzufügen
Keine Tags, Fügen Sie das erste Tag hinzu!

MARC

LEADER 00000nam a2200000 4500
001 c131994
005 20221124093407.3
022 |a 1335-1583 
041 0 |a slo 
044 |a SK 
245 1 0 |a Zákony I/2002  |b zborník úplných znení zákonov daňových, účtovných a vykonávacích a súvisiach predpisov platných k 1.1.2002 
264 1 |a Žilina  |b PORADCA, s.r.o.  |c [2002] 
300 |a 608 s. 
610 2 0 |a legislatíva 
610 2 0 |a predpisy právne 
610 2 0 |a predpisy daňové 
610 2 0 |a dane 
610 2 0 |a účtovníctvo 
610 2 0 |a poplatky 
610 2 0 |a Slovensko 
610 2 0 |a 2002 
610 2 0 |a náhrada cestovného